000 00777nam a2200229 i 4500
001 5456
003 ES-MaACL
005 20240503101418.0
007 t|
008 880624s1987 sp ||||1| spa d
020 _a84-7762-014-8
080 _a86(Zardoya, C.1.06)
100 1 _aRodriguez Pequeño, Mercedes.
_998729
245 1 3 _aLa Poesía de Concha Zardoya
_b: (estudio temático y estilistico) /
_cMercedes Rodríguez Pequeño.
260 _aValladolid :
_bUniversidad,
_c1987.
300 _a202 p. :
_bil. ;
_c24 cm.
504 _aBibliografia p. 194-202.
600 1 4 _aZardoya, Concha,
_d1914-2004-
_vCrítica e interpretación
_9118072
710 2 _aUniversidad de Valladolid.
_97332
852 _aES-MaACL
_jL-12111
_bR.115120
_z. - Rust.
999 _c5456
_d5456